Asset markets, portfolio choice and macroeconomic activity <a> keynesian perspective

Uložené v:
Podrobná bibliografia
Hlavný autor: Asada, Toichiro
Ďalší autori: Flaschel, Peter, Mouakil, Tarik
Médium: Kniha
Jazyk:English
Vydavateľské údaje: Basingstoke Palgrave Macmillan 2011
Predmet:
Tagy: Pridať tag
Žiadne tagy, Buďte prvý, kto otaguje tento záznam!

MARC

LEADER 00000nam a2200000 4500
001 0169849
005 20250225120608.5
020 |a 978-0-230-30777-3 
041 0 |a eng 
044 |a GB 
245 1 0 |a Asset markets, portfolio choice and macroeconomic activity  |b <a> keynesian perspective  |c Toichiro Asada ... [et al.] 
264 1 |a Basingstoke  |b Palgrave Macmillan  |c 2011 
300 |a online [xii, 230 p.] 
500 |a EBSCO e-books Economics Collection 2012 
610 2 0 |a trh kapitálový 
610 2 0 |a trh finančný 
610 2 0 |a keynesizmus 
610 2 0 |a investovanie 
610 2 0 |a makroekonomika 
610 2 0 |a politika menová 
610 2 0 |a politika fiškálna 
100 1 |a Asada, Toichiro 
700 1 |a Flaschel, Peter 
700 1 |a Mouakil, Tarik